00523nam a2200109Ia 4500008004100000245015000041260000900191300009700200650002500297999001900322952007200341180130s9999 xx 000 0 und d cDolev, Shlomi; Gilboa, Niv; Kopeetsky, MarinaaEfficient private multi-party computations of trust in the presence of curious and malicious users c2016 aBook title: Trust management and information security--Acession number C20744; pages 240-260 aINFORMATION SECURITY c354204d354204 001040aCLbCLd2018-01-30l0r2018-01-30 00:00:00w2018-01-30yBC